000 00831nam a22003017a 4500
001 000574
003 DO-SdBPM
005 20250807071425.0
007 ta
008 161019b990 sp || 00| 0 spa d
020 _a843481269X
040 _aDO-SdBPM
_bspa
_cBPMSU
_erda
082 4 _a863.6
_bK96m 1990
_222
100 1 _aKurtz, Carmen,
_d1911-1999.
_eautora
245 1 0 _aLos mochuelos /
_cCarmen Kurtz.
250 _a6ª ed.
260 _b
_c
264 _aMadrid :
_bEdiciones SM,
_c1990
300 _a173 páginas ;
_c22 cm.
336 _atexto
_btxt
_2rdacontent
337 _asin mediación
_bnc
_2rdamedia
338 _avolumen
_bnc
_2rdacarrier
490 0 _aGran angular,
_v37
590 _ainventariado, 2025/VM
650 7 _aNovela española
910 _aVMateo V. Control de calidad. BPMSU
942 _2ddc
_cBK
999 _c11616
_d11616